000 00343nam a2200145 i 4500
001 bg
100 1 _aKUCZYŃSKI, J.
245 0 _aMiejskie budowle podziemne /
_cJ. Kuczyński, C. Madryas.
260 _aKielce,
_c1990.
700 1 _aMADRYAS, C.
040 _cBPK
041 _apol
942 _cKS
008 s pl f |000 0 pol
999 _c4462
_d4462
856 _uhttp://koha.tu.koszalin.pl/cgi-bin/koha/opac-detail.pl?biblionumber=4462
_yKatalog online BPK